00454nam a22001217a 450000500170000000800410001708200150005824501100007326000530018350000400023665000180027670000380029420231103103350.0231103b |||||||| |||| 00| 0 eng d a617.7bAME aNeuro-Ophthalmology-5 :bBasic and clinical science course,2016-2017 /cAmerican academy of Ophthalmology aUK :bAmerican academy of Ophthalmology,cc2016. aAmerican academy of Ophthalmology-5 aOphthalmology aAmerican academy of Ophthalmology